000
00360nam a2200169Ia 4500
003
0100
008
130303s9999 xx 000 0 und d
040
_c
ARRUPELIB
050
_a
BT165.E31983
100
_a
Edwards, Denis
245
_a
Human Experience of God
260
_a
NY
260
_b
Paulist Press
260
_C
1983
300
_a
154p
942
0
0
_0
3
999
_c
24495
_d
24495